| 000 | 00517nam a22001817a 4500 | ||
|---|---|---|---|
| 003 | MPLRDC | ||
| 005 | 20220104203638.0 | ||
| 008 | 210129b ||||| |||| 00| 0 eng d | ||
| 020 | _a978-986-175-325-6 | ||
| 082 | _a177.2 LMZNM | ||
| 100 | _a铃木真奈美 MANAMI SUZUKI | ||
| 245 |
_a不用勉强自己,就能吸引幸运来敲门 _c林仁惠 译 |
||
| 250 | _a初版 | ||
| 260 |
_a台湾 _b方智出版社股份有限公司 _c2013 |
||
| 300 | _b平 | ||
| 650 | _a成功的人生 | ||
| 942 |
_cNB _o177.2 LMZNM |
||
| 999 |
_c68220 _d68210 |
||